Statistics for Fifa 21 Top 25 Ireland Players

Click here to take the quiz!

General Stats

  • This quiz has been taken 27 times
  • The average score is 10 of 25

Answer Stats

RatingClubPlayer% Correct
81Tottenham HotspurMatt Doherty
95%
79EvertonSeamus Coleman
95%
78Sheffield UnitedJohn Egan
74%
75Newcastle UnitedJeff Hendrick
63%
75West Ham UnitedDarren Randolph
58%
76Crystal PalaceJames McCarthy
58%
76Newcastle UnitedCiaran Clark
53%
74Sheffield UnitedDavid McGoldrick
53%
71BurnleyKevin Long
53%
77CelticShane Duffy
53%
74AFC BournemouthShane Long
53%
78Sheffield UnitedEnda Stevens
37%
75BurnleyRobbie Brady
37%
71SunderlandAiden McGeady
32%
72West Bromwich AlbionCallum Robinson
32%
71Stoke CityJames McClean
32%
75Swansea CityConor Hourihane
26%
71Nottingham ForestCyrus Christie
21%
72Sheffield WednesdayKeiren Westwood
21%
73Preston North EndAlan Browne
16%
71Shamrock RoversJack Byrne
16%
72Blackburn RoversDarragh Lenihan
11%
71Nottingham ForestHarry Arter
11%
72Preston North EndGreg Cunningham
5%
72Swansea CityRyan Manning
5%

Score Distribution

Percentile by Number Answered

Percent of People with Each Score

Your Score History

You have not taken this quiz